| 000 | 00430nam a22001697a 4500 | ||
|---|---|---|---|
| 999 |
_c4494 _d4494 |
||
| 003 | DO-SdBJH | ||
| 005 | 20180730114533.0 | ||
| 008 | 180730b ||||| |||| 00| 0 spa d | ||
| 040 |
_aDO-SdBJH _bspa _cDO-SdBJH |
||
| 082 |
_aRD 863.44 _b R572f |
||
| 100 | _aRijo, José | ||
| 245 | _aFloreo ; cuentos | ||
| 260 |
_aSanto Domingo : _bColonial, _cColonial, |
||
| 300 | _a92 p. | ||
| 650 | _aCuentos dominicanos. | ||
| 942 |
_2ddc _cBK |
||